Derechos Humanos: 7 casos controversiales en América Latina /

Gespeichert in:
Bibliographische Detailangaben
1. Verfasser: Scala, Jorge
Weitere Verfasser: García Elorrio, Aurelio Hernández, Héctor Scarinci de Delbosco, Paola
Format: Text
Veröffentlicht: San José: PROMESA
Schlagworte:
Tags: Tag hinzufügen
Keine Tags, Fügen Sie den ersten Tag hinzu!

MARC

LEADER 00000 a a2200000 04500
001 31270
003
040
020 |a 9968-41-028-4  
090 |a 197902  
100 |a Scala, Jorge  
245 |a Derechos Humanos: 7 casos controversiales en América Latina /  |c Jorge Scala 
260 |a San José:   |b PROMESA  
300 |a 301 p.  
500 |a Artículo publicado en el Semanario Jurídico n° 1325 del 2001, Córdoba (R. Argentina)  
650 |a DERECHOS HUMANOS  
650 |a VIDA  
650 |a ETICA  
650 |a VALORES SOCIALES  
650 |a PROCREACION ARTIFICIAL  
650 |a PODER JUDICIAL  
650 |a RESOLUCIONES  
650 |a LEGISLACION  
700 |a García Elorrio, Aurelio   |a Hernández, Héctor   |a Scarinci de Delbosco, Paola  
999 |c 12686  |d 12686